000 00288nam a2200145Ia 4500
100 _aGlinka/N
650 _aChemistry
942 _cBK
654 _achemistry
245 _aGeneral Chemistry
260 _bMir Publishers
_c2001
082 _a540
300 _a636
546 _aENGLISH
999 _c23006
_d23006